00314 a2200121 4500001000700000020001800007040003500025100002900060240004600089245004100135300000700176362000900183156902 a9788566653175 cEscola São Tomás de Aquino aCOELHO, Ronaldo Simões10aO lobisomem que quase morreu de medolpor10aO lobisomem que quase morreu de medo a280 a2013